000
00300nam a2200121Ia 4500
005
20251222154345.0
008
251222s9999||||xx |||||||||||||| ||spa||
020
_a
84-605-2062-5
082
_a
922.23/M26
100
_a
"Martín Abad, Joaquín"
245
0
_a
Francisco Méndez Casariego
942
_c
LIB
999
_c
34688
_d
34688